Office space across the world (Record no. 109288)
[ view plain ]
| 000 -LEADER | |
|---|---|
| fixed length control field | 01107cad a22002295a 4500 |
| 001 - CONTROL NUMBER | |
| control field | L146782 |
| 008 - FIXED-LENGTH DATA ELEMENTS--GENERAL INFORMATION | |
| fixed length control field | 090226s2009 xxkad f s 000 0 eng d |
| 035 ## - SYSTEM CONTROL NUMBER | |
| System control number | (Sirsi) u146782 |
| 041 0# - LANGUAGE CODE | |
| Language code of text/sound track or separate title | eng |
| 050 04 - LIBRARY OF CONGRESS CALL NUMBER | |
| Classification number | 333.33 $2 18 |
| 110 2# - MAIN ENTRY--CORPORATE NAME | |
| Corporate name or jurisdiction name as entry element | Cushman and Wakefield |
| 9 (RLIN) | 244 |
| 245 00 - TITLE STATEMENT | |
| Title | Office space across the world |
| Remainder of title | 2009 |
| Medium | [electronic resource] |
| 260 ## - PUBLICATION, DISTRIBUTION, ETC. | |
| Place of publication, distribution, etc. | London |
| Name of publisher, distributor, etc. | Cushman and Wakefield |
| Date of publication, distribution, etc. | 2009 |
| 490 #0 - SERIES STATEMENT | |
| Series statement | Office Space Across the World |
| Volume/sequential designation | 2009 |
| 520 ## - SUMMARY, ETC. | |
| Summary, etc. | Provides analysis of prime office property rental performance and occupancy costs from 202 locations in 57 countries around the world on a country-by-country basis in the 12 months to December 2008. Reveals that Hong Kong and Tokyo are now the world's two most expensive office locations pushing London into third place. |
| 590 ## - LOCAL NOTE (RLIN) | |
| Local note | KA NTK |
| 650 24 - SUBJECT ADDED ENTRY--TOPICAL TERM | |
| Topical term or geographic name entry element | CUSHMAN AND WAKEFIELD OFFICE SPACE ACROSS THE WORLD |
| 651 #4 - SUBJECT ADDED ENTRY--GEOGRAPHIC NAME | |
| Geographic name | International |
| 690 ## - LOCAL SUBJECT ADDED ENTRY--TOPICAL TERM (OCLC, RLIN) | |
| Topical term or geographic name as entry element | PROPERTY-COMMERCIAL PROPERTY-OFFICE PROPERTY-OFFICE PROPERTY MARKET |
| 856 40 - ELECTRONIC LOCATION AND ACCESS | |
| Uniform Resource Identifier | <a href="https://www.cushmanwakefield.com/">https://www.cushmanwakefield.com/</a> |
| Public note | View this report free of charge at www.cushmanwakefield.com... |
| 942 ## - ADDED ENTRY ELEMENTS (KOHA) | |
| Suppress in OPAC | 0 |
| Withdrawn status | Lost status | Source of classification or shelving scheme | Damaged status | Not for loan | Home library | Current library | Shelving location | Date acquired | Total Checkouts | Full call number | Barcode | Date last seen | Copy number | Price effective from | Koha item type |
|---|---|---|---|---|---|---|---|---|---|---|---|---|---|---|---|
| Dewey Decimal Classification | Virtual | Virtual | Online | 26/02/2009 | ONLINE PUBLICATION | 146782-1001 | 06/08/2019 | 1 | 06/08/2019 | Book |